000 00695nam a2200265Ia 4500
001 10886
005 20240113235244.0
007 ta
008 050806s 191 a g b000 u eng u
020 _cHB
040 _aCotton College Assam
041 _aeng
082 _a150
_bR 152 C
100 _aRand, B. .
245 0 _aThe Classical Psychologists /
_cB. Rand.
_hTextual Documents
250 _a1st ed /
260 _aBoston :
_bHoughton Mifflin Co. ,
_cC 1912.
300 _axxi, 734p. :
_bill. ;
_c22cm. .
504 _aIndex
653 _aPhilosophy-Psychologists
653 _aPsychology-Psychologists
942 _2ddc
_cBK
999 _c10873
_d10873